LEADER 01490nam a22005175a 4500
001 CEM.cems018516
005 20151109124348.0
008 130507s2002##################000#0#####d
003 CEMS
020 |a 9875501352 
082 0 4 |a 574 
100 1 |a Frid, Débora 
245 1 0 |a La vida :  |b continuidad y cambio /  |c Débora Frid y Ana María Espinoza 
260 |a Buenos Aires :  |b Longseller,  |c 2002 
300 |a 111 p. 
490 0 |a Biología 
505 0 |a Reproducción -- Evolución -- Genética y herencia 
653 |a Reproducción 
653 |a Reproducción asexual 
653 |a Sistema reproductor masculino 
653 |a Sistema reproductor femenino 
653 |a Evolución 
653 |a Teoría de la evolución 
653 |a Darwin 
653 |a Origen de la especies 
653 |a Evolución filética 
653 |a Evolución convergente 
653 |a Evolución divergente 
653 |a Extinción 
653 |a Origen de la vida 
653 |a Evolución de los homínidos 
653 |a Formas de vida 
653 |a Genética 
653 |a Adn 
653 |a Herencia 
653 |a Mitosis 
653 |a Meiosis 
653 |a Célula procariota 
653 |a Célula eucariota 
653 |a Arbol genealógico 
653 |a Mendel 
653 |a Grupo sanguíneo-herencia 
653 |a Herencia y ambiente 
653 |a Ingeniería genética 
700 1 |a Muzzanti, Silvina 
859 |a CEMS  |b BIB. CEMS - Agricultura  |h 574  |i F912  |p A0531.04  |t Ej.1